00781nam a22002057a 4500003000900000008004100009020001800050040007100068082001500139100003000154245002600184260005400210300002600264440001900290505017400309650001500483650002600498650001900524700003200543AR-CdUCM190320b ||||| |||| 00| 0 spa d a968-16-3147-1 aMUNICIPALIDAD PROVINCIAL DEL CUSCOcBIBLIOTECA MUNICIPAL DEL CUSCO a500 /bR68 aRius de Riepen, Magdalena aCalor y movimiento /  aMéxico :bFondo de Cultura Económica, c1989. a106 paginas ;c21 cm. aLa ciencian85 aContenido :Los fenómenos naturales y el hombre -- Temperatura y termómetro -- Calor y trabajo -- Las reacciones químicas y el calor -- El efecto de invernadero ... aMovimiento aEstudio y enseñanza aCiencias puras aCastro Acuña, C. Mauricio